|
|
|
|
| LEADER |
00612cam a2200205 7i4500 |
| 001 |
0000004406 |
| 005 |
19991025090000.0 |
| 002 |
##000005898 |
| 020 |
0 |
0 |
|a T000004879
|
| 090 |
0 |
0 |
|a ASEA 338.4766
|b SAN
|
| 100 |
0 |
0 |
|a Sang-Duck Chun
|
| 245 |
0 |
0 |
|a Investment demand of the ASEAN chemical industry.
|
| 260 |
0 |
0 |
|a Seoul:
|b Korea Institute for Industrial Economics and Trade(KIET),
|c 1995.
|
| 300 |
0 |
0 |
|a 255 p..
|
| 650 |
0 |
0 |
|a Chemical industry --
|z ASEAN
|
| 651 |
0 |
0 |
|a ASEAN
|
| 700 |
0 |
0 |
|a Dong-Hyuk Suh
|
| 700 |
0 |
0 |
|a Ha-Yool Song
|
| 700 |
0 |
0 |
|a Hyung-Na Oh
|
| 999 |
|
|
|a 0000006587
|b Book
|c Open shelf
|e Business Information Centre
|